00238nam a2200097Ia 4500008004100000082001400041100001600055245003000071260000900101264003000110231129s1967||||xx |||||||||||||| ||spa|| aOEM- 1742 aSeton Anya 0aEl castillo de Dragonwyck c1967 aBarcelona: Bruguera 1967